000 00623nam a2200217Ia 4500
005 20250508165149.0
008 008 250505s9999 xx 000 0 eng d
037 _aTextual
040 _aFEDL
_beng
_cFEDL
041 _aeng
_2eng
084 _a321.1, SHA
_qFEDL
100 _aSharma Ram Sharan
245 0 _aAspects of political ideas and institutions in ancient India
250 _a4th rev.
260 _aDelhi, India
_bMotilan Banarsidass Publishers Pvt. Ltd.
_c1999
300 _axxxi, 457p.
365 _aINR
_b395
546 _aRSPEE
942 _cTEXL
_h321.1, SHA
999 _c1393528
_d1393528